Statistics for The Little Dum Dum Club Trivia

Click here to take the quiz!

General Stats

  • This quiz has been taken 4 times
  • The average score is 23 of 25

Answer Stats

Dum Dum HintsAnswer% Correct
Karl's phone number0438 *** ***
100%
Year the podcast began2010
100%
The city of never buying tickets in advanceAdelaide
100%
Tommy's real nameAlsop
100%
Listeners are not fans, they'reAware
100%
A common surname of the $69 tier Patreon subscribersComedy
100%
Don't blame me, I voted forCrunchie
100%
Got a tattoo of the podcast logo during a podcastDemi Lardner
100%
Winner of the Graham Kennedy Award 2018 LogieDilruk Jayasinha
100%
The unrecorded podcastDrunkcast
100%
Karl's favourite sandwichDuck
100%
Rad Dad's daughterJenny
100%
Home of the International Podcast FestivalKoh Samui
100%
What Tommy used his Make A Wish onLaptop
100%
Karl's home townMaryborough
100%
Eccentric Serbian billionaire of the showMilan
100%
Karl's favourite dessertMousse
100%
First ever guest on the showNick Cody
100%
Dave Callan's home countryScotland
100%
Karl's most talked about crazy from his home townSunshine Johnson
100%
A regularly "got" personTim
100%
Nick Capper's travelling attireTuxedo
100%
Tommy's porno-writing relative's aliasDamien Hegarty
50%
Sansotif donor to the Little Dum Dum Club Op ShopRonny Chieng
50%
Fiona O'Loughlin's aliasJune Northern
0%

Score Distribution

Percentile by Number Answered

Percent of People with Each Score

Your Score History

You have not taken this quiz